000 00431 a2200169 4500
999 _c4103
_d4103
020 _a1779003145
050 0 0 _aPR 9390.9 FRE 1998
100 1 _aFreeman, Paul.
245 1 0 _aRumours of ophir /
_cPaul Freeman.
264 _aHarare:
_bCollege Press,
_c1998.
300 _a218 p. ;
500 _anovel
650 _aFiction
651 _aZimbabwe
942 _2lcc
_cBK
_h9390.9
_iFRE
_kPR